10 największych państw w Europie - Statystyki

Ogólne statystyki
  • Ten quiz został rozwiązany 2 116 razy
    1 885 od ostatniego zresetowania
  • Średni wynik to 8 z 10
Statystyki odpowiedzi
Numer Państwo % Poprawnych
1 Rosja
99%
5 Francja
94%
8 Niemcy
92%
6 Hiszpania
89%
4 Ukraina
87%
7 Szwecja
80%
10 Norwegia
75%
9 Finlandia
70%
3 Turcja
69%
2 Kazachstan
44%
Nie znaleziono quizów pasujących do podanych kryteriów
Rozkład punktacji
Procent ludzi z każdym wynikiem
Percentyl według liczby udzielonych odpowiedzi
Twoja historia wyników
Nie rozwiązałeś tego quizu od ostatniego zresetowania